A quel anime appartient cette réplique ? - Statistiques

Statistiques générales
  • Ce quiz a été pris 15 fois
  • Le résultat moyen est 8 sur 20
Statistiques - réponses
Réplique Réponse % Correct
Je ne reviendrai jamais sur ma parole c'est ça mon nindo Naruto
93%
Mon trésor, je vous le laisse One piece
93%
Hyper vitesse ! Beyblade
71%
A plus de 9000 unités ! Dragon ball z
71%
Dites vous savez ce que ça veut dire ... Au delà des limites ?! My hero academia
64%
Parce que je suis la justice ! Death note
57%
Afin d'écraser à jamais l'amour et la vérité et d'étendre notre pouvoir jusqu'à la voie lactée Pokemon
57%
Il serait bien que d'ici là vous réussissez à me tuer Assassination Classroom
43%
C'est sûr à 10 milliards pourcent Doctor stone
43%
J'ai raté les soldes ! One punch man
43%
Lève toi, ton âme est à moi Solo leveling
43%
Peu importe le nombre de nos amis au final on meurt toujours seul Jujutsu Kaisen
36%
Par les météores de pégase ! Saint Seiya
36%
A votre service ! Food wars
14%
C'est comme ça que je vous vois vous les humais, comme de simples incestes Fullmetal Alchemist
14%
Tu ne le sais pas encore mais tu es déjà mort Ken le survivant
14%
Qui a dit que c'était impossible ? Seven deadly sins
7%
C'est une belle journée pour mourir Baki
0%
Je détient la force toute puissante ! Musclor
0%
Mada mada dane Prince of tennis
0%
Aucun quiz correspondant
Distribution des résultats
% des personnes avec chaque résultat
Percentile par nombre de réponses
Votre historique - résultats
Vous n’avez pas pris ce quiz